| 000 | 00509nam a2200193 u 4500 | ||
|---|---|---|---|
| 005 | 20250218063824.0 | ||
| 008 | 100609s2008 r 000 0 eng d | ||
| 020 | _a9788424180010 | ||
| 035 | _aUPN01000176403 | ||
| 049 | _aCG | ||
| 050 | 4 |
_aGV943 _bM3.3 |
|
| 100 | 1 | _aMarí, Ana | |
| 245 | 1 | 3 |
_aEl fútbol : _bpasado y presente / _cAna Marí . |
| 260 |
_aLeón, Esp. : _bEverest, _c2008. |
||
| 300 |
_a47 p. : _bil. col. |
||
| 440 | 0 | _aMundo abierto | |
| 650 | 2 |
_aFutbol (Soccer) _917143 |
|
| 905 | _aLibro | ||
| 999 |
_c148506 _d148506 |
||